Sports Quiz

Random Sports or NHL Quiz

NHL Playoff Goaltenders Quiz Stats

 Plays Quiz not verified by Sporcle

Also try: MLS Teams
Challenge
Share
Tweet
Embed
Score 0/16 Timer 03:00
0 Plays Today
Team Goalie % Correct
Chicago BlackhawksCorey Crawford
97.5%
Boston BruinsTuukka Rask
97%
Nashville PredatorsPekka Rinne
95.6%
Montreal CanadiensCarey Price
95.6%
New York RangersHenrik Lundqvist
95.1%
Ottawa SenatorsCraig Anderson
94.6%
Washington CapitalsBraden Holtby
94.1%
Pittsburgh PenguinsMatt Murray
91.6%
Team Goalie % Correct
St. Louis BluesJake Allen
90.1%
Columbus Blue JacketsSergei Bobrovsky
89.2%
Minnesota WildDevan Dubnyk
87.7%
Anaheim DucksJohn Gibson
87.7%
San Jose SharksMartin Jones
87.7%
Edmonton OilersCam Talbot
85.7%
Toronto Maple LeafsFrederik Andersen
83.7%
Calgary FlamesBrian Elliot
80.3%

You're not logged in!

Compare scores with friends on all Sporcle quizzes.
Join for Free
OR
Log In

You Might Also Like...

Show Comments

Extras

Top Quizzes Today


Score Distribution

Your Account Isn't Verified!

In order to create a playlist on Sporcle, you need to verify the email address you used during registration. Go to your Sporcle Settings to finish the process.

Report this User

Report this user for behavior that violates our Community Guidelines.

Details: